000 00536 a2200169 4500
999 _c4601
_d4601
010 _aENG-86465
020 _a0143101293
_c295.00
035 _aEN-69998
037 _bDBAD / PUB
082 1 4 _a181.499
245 1 _aUnderstanding the Dalai Lama /
_cedited by Rajiv Mehrotra
260 _aNew Delhi
_bPenguin Books
_c2006
270 _a11, Community Centre, Panchsheel Park
_bNew Delhi
_cWest Bengal
_e110 017
300 _axxvii. 266 p.
_c21cm (Pbk)
700 1 _aMehrotra, Raajiv
942 _adpl
_cEN
_2ddc
_h181.499
_mUND